000 00593nam a2200241 a 4500
001 nice12345678
003 IN_TiNIC
005 20260116011402.0
008 050524s1329 egya grp 000 0 ara
020 _a
_c100
082 0 0 _a297.7
_bMEE
100 _aMeenar, Press
245 _aJamaatul Dawat Wal Irshad.
260 _aEgypt
_bMeenar Press
_c1329
300 _a44p
500 _aincludes index and biblioraphy
505 2 _a12 Volumes in Bounded in Six Volumes
650 _aIslamic-Education
700 1 _aMeenar, Press
902 _bSRS
942 _cBK
999 _c1071
_d1071